[Event "GRE-chT 49th"]
[Site "Thessaloniki"]
[Date "2022.08.17"]
[Round "7"]
[White "Sechlidis, Savvas"]
[Black "Scripcaru, George Daniel"]
[Result "1-0"]
[WhiteElo "1988"]
[BlackElo "2177"]
[PlyCount "75"]
[EventDate "2022.08.12"]
[EventType "team-swiss"]
[EventRounds "7"]
[EventCountry "GRE"]
[SourceTitle "EXT 2024"]
[Source "ChessBase"]
[SourceDate "2023.10.10"]
[SourceVersion "1"]
[SourceVersionDate "2023.10.10"]
[SourceQuality "1"]
[WhiteTeam "Xanthis"]
[BlackTeam "Volou SE"]
[WhiteTeamCountry "GRE"]
[BlackTeamCountry "GRE"]

1. e4 e6 2. d3 d5 3. Nd2 c5 4. Ngf3 Nc6 5. g3 Bd6 6. Bg2 Nge7 7. 0-0 0-0 8. Nh4 d4 9. f4 f6 10. f5 e5 11. g4 Bd7 12. Nc4 Be8 13. g5 b5 14. Nxd6 Qxd6 15. Qg4 c4 16. gxf6 Rxf6 17. Bg5 Nb4 18. Qd1 cxd3 19. cxd3 Rc8 20. Bxf6 gxf6 21. Rf3 Bf7 22. Rc1 Nbc6 23. Rg3+ Kh8 24. Qd2 Rg8 25. Ng6+ Bxg6 26. fxg6 Rxg6 27. Bh3 Kg7 28. Kf2 Rxg3 29. hxg3 a5 30. Qe2 Ng6 31. Bf5 Nce7 32. Qc2 Nxf5 33. exf5 Ne7 34. Qc7 Qb4 35. Kf3 Kh6 36. Kg4 Kg7 37. a3 h5+ 38. Kxh5 1-0

[Event "Kavala op 25th"]
[Site "Kavala"]
[Date "2016.07.31"]
[Round "2"]
[White "Sechlidis, Savvas"]
[Black "Nikolov, Momchil"]
[Result "0-1"]
[WhiteElo "1942"]
[BlackElo "2571"]
[PlyCount "122"]
[EventDate "2016.07.30"]
[EventType "swiss"]
[EventRounds "9"]
[EventCountry "GRE"]
[SourceTitle "CBM 173 Extra"]
[Source "ChessBase"]
[SourceDate "2016.08.29"]
[SourceVersion "1"]
[SourceVersionDate "2016.08.29"]
[SourceQuality "1"]

1. e4 c5 2. Nf3 e6 3. d3 Nc6 4. g3 g6 5. Bg2 Bg7 6. 0-0 Nge7 7. c3 d5 8. Nbd2 0-0 9. Nh4 e5 10. exd5 Nxd5 11. Re1 b6 12. Nc4 Bb7 13. Nf3 Re8 14. Bg5 Qd7 15. Qd2 f6 16. Bh6 Bh8 17. Qc2 Nd8 18. Rad1 Nf7 19. Bc1 Rac8 20. h4 Bg7 21. Qb3 Bc6 22. Qc2 Ba4 23. b3 Bc6 24. a4 Qb7 25. Nfd2 f5 26. Nf1 Rcd8 27. Nfe3 Nc7 28. Bxc6 Qxc6 29. Ba3 Rd7 30. b4 cxb4 31. cxb4 Ne6 32. b5 Qb7 33. Bb2 Nd4 34. Bxd4 Rxd4 35. Qb3 Rd7 36. Nc2 Qf3 37. Nb4 Kh8 38. Nc6 e4 39. Re3 Qg4 40. Rde1 Bh6 41. Qc3+ Bg7 42. d4 Rf8 43. N4e5 Nxe5 44. Nxe5 Bxe5 45. dxe5 Re7 46. f4 exf3 47. Rxf3 Qxa4 48. e6+ Kg8 49. Qe5 Rd8 50. Rf4 Qa3 51. Rc4 Rde8 52. Rc6 Qb4 53. Kf2 Rd8 54. Kg1 Qd4+ 55. Qxd4 Rxd4 56. h5 Kg7 57. Kf2 Rd5 58. Kf3 Rxb5 59. Rd6 Kf6 60. Rd7 Rb3+ 61. Kf2 Rxd7 0-1

[Event "GRE-chT 44th"]
[Site "Achaia"]
[Date "2016.07.06"]
[Round "3.12"]
[White "Serpetsidakis, Nikolaos"]
[Black "Sechlidis, Savvas"]
[Result "1-0"]
[WhiteElo "1983"]
[BlackElo "1942"]
[PlyCount "53"]
[EventDate "2016.07.05"]
[EventType "team-swiss"]
[EventRounds "7"]
[EventCountry "GRE"]
[SourceTitle "CBM 173 Extra"]
[Source "ChessBase"]
[SourceDate "2016.08.29"]
[SourceVersion "1"]
[SourceVersionDate "2016.08.29"]
[SourceQuality "1"]
[WhiteTeam "OFI"]
[BlackTeam "Xanthi CN"]
[WhiteTeamCountry "GRE"]
[BlackTeamCountry "GRE"]

1. d4 Nf6 2. c4 e6 3. Nc3 Bb4 4. e3 0-0 5. Bd3 d6 6. Nf3 Nbd7 7. 0-0 Bxc3 8. bxc3 b6 9. e4 e5 10. Nh4 Nd5 11. Nf5 Ne7 12. Bg5 f6 13. Be3 Nxf5 14. exf5 Bb7 15. Qg4 Qe7 16. Rae1 Rfe8 17. f3 Qf7 18. Bf2 Ba6 19. d5 Nc5 20. Bxc5 dxc5 21. Re4 Rad8 22. f4 exf4 23. Re6 Bc8 24. Rxf4 Bxe6 25. fxe6 Qe7 26. Bxh7+ Kf8 27. Qh5 1-0